| 000 | 01916nam0a2200373 4500 | ||
|---|---|---|---|
| 001 | RU\NLR\bibl\1143109 | ||
| 005 | 20250615074307.0 | ||
| 010 |
_a978-5-98534-546-9 _92000 |
||
| 021 |
_aRU _b2007-61456 _93284 |
||
| 035 | _a(nilc)EL/0000148048 | ||
| 035 | _aRUM0034295 | ||
| 035 | _a(NLR Aleph) 001129951 | ||
| 090 |
_a1351574 _c1351574 |
||
| 100 | _a20070919d2007 |||y0rusy50 ca | ||
| 101 | 0 | _arus | |
| 102 | _aRU | ||
| 105 | _ay n ||||| | ||
| 200 | 1 |
_aДачная "амнистия" _eкраткий комментарий к Федеральному закону от 30 июня 2006 года N 93-ФЗ "О внесении изменений в некоторые законодательные акты Российской Федерации по вопросу оформления в упрощенном порядке прав граждан на отдельные объекты недвижимого имущества" _fМ.П. Гавришин |
|
| 205 | _a2-е изд., перераб. и доп. | ||
| 210 |
_a[Москва] _cОсь-89 _d[2007] |
||
| 215 |
_a109 с. _d20 |
||
| 606 | 1 |
_aЗемельные участки _xПраво собственности _xОформление _yРоссийская Федерация _92509422 _3RU\NLR\auth\661487771 |
|
| 610 | 0 |
_aсадоводство _aколлективное землепользование _aсобственность на землю _aземельное законодательство _aправовые вопросы |
|
| 675 |
_a635.018(094)(470) _v4 |
||
| 686 |
_a68.35.59 _2rugasnti |
||
| 686 | _aХ625.23 | ||
| 700 | 1 |
_aГавришин _bМ. П. _gМихаил Петрович _4070 |
|
| 801 | 0 |
_aRU _bЦНСХБ РАСХН _c20070919 _gRCR |
|
| 801 | 1 |
_aRU _bЦНСХБ РАСХН _c20071015 |
|
| 801 | 2 |
_aRU _bNLR _c20071019 _grcr |
|
| 830 | _aавт. по кн. | ||
| 942 | _cBOOK | ||
| 980 | _aNB | ||